| 000 | 00642nam a2200217Ia 4500 | ||
|---|---|---|---|
| 005 | 20241129111330.0 | ||
| 008 | 241129s9999||||xx |||||||||||||| ||und|| | ||
| 020 | _a978-2-7-451-3867-5 | ||
| 037 | _aTB | ||
| 040 |
_aCRL _beng _cCRL |
||
| 041 |
_aara _2ara |
||
| 084 |
_aQ7:33:25 28Q8 _qCRL |
||
| 100 |
_aWahab Mohammad Bin Ali Au. _9724105 |
||
| 245 | 0 |
_aSharah al-arbaeen harita al-naviya _cWahab Mohammad Bin Ali Au. |
|
| 260 |
_aBeirut, Lebanon _bDar al-kotob al-ilmiyah _c2018 |
||
| 300 | _a118p. | ||
| 365 |
_aINR _b350 |
||
| 650 |
_aIslamReligion _9726305 |
||
| 942 |
_cTB _hQ7:33:25 28Q8 |
||
| 999 |
_c1229966 _d1229966 |
||